Bundesliga 2025-2026 - Stemmi - Statistics

Statistiche generali
  • Questo quiz è stato fatto 28 volte
  • Il punteggio medio è 15 su 18
Statistiche sulle risposte
con Immagini Risposta % Corretto
Amburgo
96%
Bayern Monaco
96%
Borussia Dortmund
96%
Colonia
96%
Werder Brema
96%
Wolfsburg
96%
Bayer Leverkusen
92%
RB Lipsia
92%
Eintracht Francoforte
88%
Magonza
88%
Hoffenheim
85%
Union Berlin
85%
Friburgo
81%
Borussia Mönchengladbach
77%
Stoccarda
77%
Heidenheim
50%
St. Pauli
42%
Augusta
31%
Nessun quiz corrispondente trovato
Distribuzione punteggi
Percentuale di utenti per punteggio
Percentile per numero di risposta
I tuoi punteggi nel tempo
Non hai fatto questo quiz